000 00300nam a2200121Ia 4500
005 20251222153644.0
008 251222s9999||||xx |||||||||||||| ||spa||
020 _a968-451-066-7
082 _a519.5/S75T
100 _a"Spiegel, Murray"
245 0 _aTeoría y problemas de estadística
942 _cLIB
999 _c32846
_d32846